ABC de los derechos de las trabajadoras y la igualdad de género
Este libro se centra en la igualdad de derechos en el mundo del trabajo y abarca también importante avances económicos y sociales. Si bien se constatan algunos progresos, las estadísticas siguen mostrando la existencia de un enorme distancia entre los derechos reconocidos jurídicamente y la situació...
Guardado en:
| Format: | Texto |
|---|---|
| Udgivet: |
Ginebra:
OIT
|
| Fag: | |
| Tags: |
Tilføj Tag
Ingen Tags, Vær først til at tagge denne postø!
|
MARC
| LEADER | 00000 a a2200000 04500 | ||
|---|---|---|---|
| 001 | 35263 | ||
| 003 | |||
| 040 | |||
| 020 | |a 92-2-310844-6 | ||
| 090 | |a 1002 O32a | ||
| 245 | |a ABC de los derechos de las trabajadoras y la igualdad de género | ||
| 260 | |a Ginebra: |b OIT | ||
| 300 | |a 117 p. | ||
| 520 | |a Este libro se centra en la igualdad de derechos en el mundo del trabajo y abarca también importante avances económicos y sociales. Si bien se constatan algunos progresos, las estadísticas siguen mostrando la existencia de un enorme distancia entre los derechos reconocidos jurídicamente y la situación real de las mujeres que trabajan | ||
| 650 | |a DERECHOS DEL TRABAJO | ||
| 650 | |a IGUALDAD DE GENERO | ||
| 650 | |a OIT | ||
| 650 | |a EMPLEO | ||
| 650 | |a ABUSO SEXUAL | ||
| 650 | |a DISCRIMINACION | ||
| 650 | |a IDENTIDAD CULTURAL | ||
| 650 | |a JUVENTUD | ||
| 999 | |c 16543 |d 16543 | ||



